UM Logo

The teacher as factor in achieving quality education/ (Record no. 10848)

MARC details
000 -LEADER
fixed length control field 00521nam a2200145 4500
008 - FIXED-LENGTH DATA ELEMENTS--GENERAL INFORMATION
fixed length control field 180924b ||||| |||| 00| 0 eng d
022 ## - INTERNATIONAL STANDARD SERIAL NUMBER
International Standard Serial Number 2094-8042
082 ## - DEWEY DECIMAL CLASSIFICATION NUMBER
Classification number DPer 370.105 M72 Jan-Dec 2011 v59-60
100 ## - MAIN ENTRY--PERSONAL NAME
9 (RLIN) 31557
Personal name Basultin-Memory Jean Baloya
245 ## - TITLE STATEMENT
Title The teacher as factor in achieving quality education/
Statement of responsibility, etc. Memory Jean Baloya Basultin
260 ## - PUBLICATION, DISTRIBUTION, ETC. (IMPRINT)
Place of publication, distribution, etc. Philippines:
Name of publisher, distributor, etc. In the Grade School, Inc.,
Date of publication, distribution, etc. c2011.
300 ## - PHYSICAL DESCRIPTION
Extent v60 n5, page 184:
Other physical details illustrations;
Dimensions 27cm.
650 #0 - SUBJECT ADDED ENTRY--TOPICAL TERM
9 (RLIN) 31558
Topical term or geographic name as entry element Teachers.
942 ## - ADDED ENTRY ELEMENTS (KOHA)
Source of classification or shelving scheme Dewey Decimal Classification
Koha item type Periodicals
Holdings
Withdrawn status Lost status Source of classification or shelving scheme Damaged status Not for loan Home library Current library Date acquired Total Checkouts Full call number Date last seen Price effective from Koha item type Public note
    Dewey Decimal Classification     UM Digos College - LIC UM Digos College - LIC 02/07/2019   DPer 370.105 M72 Jan-Dec 2011 v59-60 02/07/2019 02/07/2019 Periodicals Periodical article